000
00279nam a2200109Ia 4500
008
200302s9999 xx 000 0 und d
100
_a
George Plumptre
245
_a
Great Gardens Great Designers
260
_b
Seven Dials Illustrated Division
260
_c
1999
300
_a
159 P.,
999
_c
2417
_d
2417